| 000 | 00563nam a22001817a 4500 | ||
|---|---|---|---|
| 005 | 20141202144438.0 | ||
| 008 | 131221b xxu||||| |||| 00| 0 eng d | ||
| 020 | _a9788192426426 | ||
| 050 |
_aHF 5686 _b.J56 2013 |
||
| 100 | _aJersey, Chris. | ||
| 245 |
_aIntroduction to corporate accounting / _cChris Jersey. |
||
| 260 |
_aNew Delhi : _bRandom Exports, _c2013. |
||
| 300 |
_aviii, 295 p. : _bill. ; _c25 cm. |
||
| 504 | _aIncludes Bibliographic References and Index. | ||
| 650 |
_aCorporations _xAccounting. |
||
| 942 |
_2lcc _cBK _kFOR |
||
| 999 |
_c25892 _d25892 |
||